| 000 | 012410000a22002050004500 | ||
|---|---|---|---|
| 001 | 768714001 | ||
| 003 | CO-MdFUSB | ||
| 005 | 20170208114334.0 | ||
| 008 | 170208s2002 c ||||| |||| 00| 0 s d | ||
| 040 |
_aCO-MdFUSB _bspa _cCO-MdFUSB _dCO-MdFUSB |
||
| 041 | _aspa | ||
| 100 | 1 |
_aBergman, Nils (Gosta) (1894-) _eautor |
|
| 245 | 1 | 0 |
_aMinisterio entre niñas trabajadoras está cambiando vidas _by defiende la causa del pobre y del menesteroso |
| 300 |
_aVolumen 4, número 14 (2002), Páginas 10-12 _c27 cm. |
||
| 520 | _aMosoj Yan, camino nuevo en Quechua, es un ministerio que viene trabajando en Cochabamba, Bolivia desde 1991 a favor de las nias de 5 a 17 años de edad que trabajan en la calle. Convencido que el propósito de Dios para estas niñas es que tengan vida y que la tengan en abundancia, Mosoj Yan se ha enmarcado en una misión muy clara: Acompañar a niñas trabajadoras en los procesos de cambio y transformación de sus vidas y comunidad con el propósito de lograr una plenitud de vida | ||
| 546 | _aTexto en español | ||
| 650 | 1 | 4 | _aTRABAJO SOCIAL CON NIÑOS - ESTUDIO DE CASOS |
| 773 | 0 |
_tAlcanzando a los Niños en Riesgo _049458 _960582 _gVolumen 4, número 14 (2002), Páginas 10-12 _qPágina 10 |
|
| 942 | _cANA | ||
| 999 |
_c49608 _d49608 |
||